Normal view
MARC view
- Baver, Leonard David,
Entry Personal Name
001 - CONTROL NUMBER
- control field: 3092
003 - CONTROL NUMBER IDENTIFIER
- control field: OSt
005 - DATE AND TIME OF LATEST TRANSACTION
- control field: 20180521152339.0
008 - FIXED-LENGTH DATA ELEMENTS
- fixed length control field: 180521|| aca||aabn | a|a d
040 ## - CATALOGING SOURCE
- Original cataloging agency: OSt
- Transcribing agency: OSt
100 ## - HEADING--PERSONAL NAME
- Personal name: Baver, Leonard David,
670 ## - SOURCE DATA FOUND
- Source citation: Work cat.: (OSt)15413: Baver, Leonard David,, Soil physics, [1972]
